Devine le rappeur 4 - Statistiques

Statistiques générales
  • Ce quiz a été pris 39 fois
  • Le résultat moyen est 5 sur 15
Statistiques - réponses
Hint Réponse % Correct
M3lo Tiakola
66%
Au bout de la nuit Hamza
49%
La plaie Josman
43%
L’ancien Ninho
43%
Aimer PLK
43%
Son ex Jul
37%
Gris Sch
37%
2 saisons Bushi
26%
Bolingo Franglish
26%
Club des 27 Jok’air
23%
Solitaire 1895 Dinos
20%
Cachemire Smeels
17%
Yemma Niro
14%
Naïf Zamdane
11%
Busy boy Rnboi
6%
Aucun quiz correspondant
Distribution des résultats
% des personnes avec chaque résultat
Percentile par nombre de réponses
Votre historique - résultats
Vous n’avez pas pris ce quiz